书目信息 |
| 题名: |
少林绝技金刚拳
|
|
| 作者: | 杨维 著 | |
| 分册: | ||
| 出版信息: | 成都 四川科学技术出版社 2010 |
|
| 页数: | 338页 | |
| 开本: | 21cm | |
| 丛书名: | 中国武术绝招丛书 | |
| 单 册: | ||
| 中图分类: | G852.151.9 | |
| 科图分类: | ||
| 主题词: | 少林拳--套路(武术) , 少林拳 , 套路(武术) | |
| 电子资源: | ||
| ISBN: | 978-7-5364-7032-3 | |
| 000 | 00847oam2 2200277 45 | |
| 001 | 1132088359 | |
| 005 | 20110314091145.23 | |
| 010 | @a978-7-5364-7032-3@dCNY23.00 | |
| 100 | @a20110123d2010 em y0chiy50 ea | |
| 101 | 0 | @achi |
| 102 | @aCN@b510000 | |
| 105 | @aa z 000yy | |
| 106 | @ar | |
| 200 | 1 | @a少林绝技金刚拳@AShao Lin Jue Ji Jin Gang Quan@f杨维著@FYang Wei Zhu |
| 210 | @a成都@c四川科学技术出版社@d2010 | |
| 215 | @a338页@c图@d21cm | |
| 225 | 2 | @a中国武术绝招丛书 |
| 330 | @a本书介绍了少林绝技金刚拳的基本概述、基本动作、基本拳法、功理功法、套路练习和应用方法等。 | |
| 461 | 0 | @12001 @a中国武术绝招丛书 |
| 606 | 0 | @a少林拳@x套路(武术) |
| 606 | 0 | @a少林拳 |
| 606 | 0 | @a套路(武术) |
| 690 | @aG852.151.9@v4 | |
| 701 | 0 | @a杨维@AYang Wei@4著 |
| 801 | 0 | @aCN@bTANGWEI@c20110314 |
| 905 | @b0532481-83@dG852.151.9@e258@f3 | |
| 少林绝技金刚拳/杨维著.-成都:四川科学技术出版社,2010 |
| 338页:图;21cm.-(中国武术绝招丛书) |
| ISBN 978-7-5364-7032-3:CNY23.00 |
| 本书介绍了少林绝技金刚拳的基本概述、基本动作、基本拳法、功理功法、套路练习和应用方法等。 |
| ● |
| 相关链接 |
|
|
|
|
正题名:少林绝技金刚拳
索取号:G852.151.9/258
 
预约/预借
| 序号 | 登录号 | 条形码 | 馆藏地/架位号 | 状态 | 备注 |
| 1 | 0532481 | 205324816 | 第一样本阅览室/ [索取号:G852.151.9/258] | 在馆 | |
| 2 | 0532482 | 205324825 | 密集书库-体育系/ [索取号:G852.151.9/258] | 在馆 | |
| 3 | 0532483 | 205324834 | 第四借阅区/ [索取号:G852.151.9/258] | 在馆 |